Design of Real-Time Object Identification and Tracking System (Record no. 327058)

000 -LEADER
fixed length control field 00373 a2200133 4500
001 - CONTROL NUMBER
control field 91985
082 ## - DEWEY DECIMAL CLASSIFICATION NUMBER
Classification number PR 1770
090 ## - LOCALLY ASSIGNED LC-TYPE CALL NUMBER (OCLC); LOCAL CALL NUMBER (RLIN)
-- 43939
-- 43938
100 ## - MAIN ENTRY--PERSONAL NAME
Personal name Amir Saeed; Prof Atif Bin Mansoor, Advisor
245 ## - TITLE STATEMENT
Title Design of Real-Time Object Identification and Tracking System
Number of part/section of a work 66 "B" EC
260 ## - PUBLICATION, DISTRIBUTION, ETC.
Place of publication, distribution, etc. Rawalpindi
Name of publisher, distributor, etc. NUST
Date of publication, distribution, etc. 2009
300 ## - PHYSICAL DESCRIPTION
Extent 60p
500 ## - GENERAL NOTE
General note BE Project Reports
942 ## - ADDED ENTRY ELEMENTS (KOHA)
Institution code [OBSOLETE] CAE NUST
Call number prefix PR 1770
Holdings
Withdrawn status Lost status Damaged status Not for loan Collection code Permanent Location Current Location Date acquired Total Checkouts Full call number Barcode Date last seen Price effective from Koha item type
          College of Aeronautical Engineering (CAE) College of Aeronautical Engineering (CAE) 04/03/2017   PR 1770 CAEPR-1770 04/05/2017 04/05/2017 Book
© 2023 Central Library, National University of Sciences and Technology. All Rights Reserved.